000 00632nam a2200241 i 4500
001 C2-0219869
003 PPAK
005 20180728112312.0
008 990912s1992 nyu |||| ||||| | eng d
020 _a0553213172
040 _aPPAK
_beng
_cPPAK
_erda
082 0 4 _a823
_2 23
090 0 0 _a823
_bMON
_dK
100 1 _aMontgomery, L.M.,
_eauthor
245 1 0 _aAnne of the island
264 1 _aNew York :
_bBantam Books ,
_c1992
300 _a243 pages ;
_c18 cm
336 _2rdacontent
_atext
337 _2rdamedia
_aunmediated
338 _2rdacarrier
_avolume
650 1 0 _aChildren's stories, English
942 _ddc
_cB
999 _c162419
_d162419